| 000 | 00491nam a2200133Ia 4500 | ||
|---|---|---|---|
| 008 | 250506s9999 xx 000 0 und d | ||
| 024 | _a16B-176-EL, 17B-005-EE, 17B-014-EE & 17B-054-EE | ||
| 082 | _a681.76072 FAR | ||
| 100 | _aTalha Farooqui, Mushahid Mazhar, Nadeem Mustafa & Yousuf Ansari | ||
| 245 | 0 | _aFresh Fruit Juice Vending Machine Payable Through QR Code (with CD) | |
| 260 |
_aKarachi: _bUIT, _c2017 |
||
| 600 | _aElectronic Engineering | ||
| 650 | _aBachelor of Engineering (BE) | ||
| 999 |
_c29016 _d29016 |
||